Learning Resource and Development

Information assistance and security / (Record no. 29209)

MARC details
000 -LEADER
fixed length control field 01621nam a2200301 i 4500
003 - CONTROL NUMBER IDENTIFIER
control field CSPC
005 - DATE AND TIME OF LATEST TRANSACTION
control field 20250331093039.0
008 - FIXED-LENGTH DATA ELEMENTS--GENERAL INFORMATION
fixed length control field 250320b2023 ii b 001 0 eng d
020 ## - INTERNATIONAL STANDARD BOOK NUMBER
International Standard Book Number 9789386559944
040 ## - CATALOGING SOURCE
Transcribing agency CSPC
Original cataloging agency CSPC
Language of cataloging eng
Description conventions rda
082 04 - DEWEY DECIMAL CLASSIFICATION NUMBER
Classification number 005.8
Item number Sh42i
100 1# - MAIN ENTRY--PERSONAL NAME
Personal name Shekhar, Shashi,
Relator term author.
245 10 - TITLE STATEMENT
Title Information assistance and security /
Statement of responsibility, etc. Shashi Shekhar.
250 ## - EDITION STATEMENT
Edition statement First edition.
264 #1 - PRODUCTION, PUBLICATION, DISTRIBUTION, MANUFACTURE, AND COPYRIGHT NOTICE
Place of production, publication, distribution, manufacture New Delhi :
Name of producer, publisher, distributor, manufacturer Venus Books,
Date of production, publication, distribution, manufacture, or copyright notice 2023.
300 ## - PHYSICAL DESCRIPTION
Extent xiii, 272 pages ;
Dimensions 24 cm.
336 ## - CONTENT TYPE
Content type term text
Source rdacontent
337 ## - MEDIA TYPE
Media type term unmediated
Source rdamedia
338 ## - CARRIER TYPE
Carrier type term volume
Source rdacarrier
504 ## - BIBLIOGRAPHY, ETC. NOTE
Bibliography, etc. note Includes bibliographical references and index.
505 0# - FORMATTED CONTENTS NOTE
Formatted contents note Special focus on computer security model and cyber security standards -- Computer security and insecurity: an introductory overview -- Database management system, data security. model and object database: an overview -- Role of antivirus softwares in computer security -- Secure coding, access control, capability-based and cloud computing security -- Special focus on computer data hierarchy, store, database design and theory -- Special focus on internet privacy, network security, cyber defense and security architecture -- Focus on computer database storage, transaction, replication and security -- Security in IT.
650 #0 - SUBJECT ADDED ENTRY--TOPICAL TERM
Topical term or geographic name entry element Computer security.
650 #0 - SUBJECT ADDED ENTRY--TOPICAL TERM
Topical term or geographic name entry element Cybersecurity.
650 #0 - SUBJECT ADDED ENTRY--TOPICAL TERM
Topical term or geographic name entry element Information technology
General subdivision Security measures.
650 #0 - SUBJECT ADDED ENTRY--TOPICAL TERM
Topical term or geographic name entry element Data protection.
942 ## - ADDED ENTRY ELEMENTS (KOHA)
Source of classification or shelving scheme Dewey Decimal Classification
Suppress in OPAC No
Koha item type Books
Classification part 005.8
Item part Sh42i
Call number prefix CIR
Call number suffix 2023
Holdings
Withdrawn status Lost status Source of classification or shelving scheme Damaged status Not for loan Home library Current library Shelving location Date acquired Total Checkouts Full call number Barcode Date last seen Copy number Price effective from Koha item type
    Dewey Decimal Classification     Main Library Main Library Circulation Section 03/20/2025   CIR 005.8 Sh42i 2023 029380 03/20/2025 1-2 03/20/2025 Books
    Dewey Decimal Classification     Main Library Main Library Circulation Section 03/20/2025   CIR 005.8 Sh42i 2023 029381 03/20/2025 2-2 03/20/2025 Books